Statistics for Billie Eilish - I Didn't Change My Number Lyrics

Click here to take the quiz!

General Stats

  • This quiz has been taken 40 times
  • The average score is 142 of 154

Answer Stats

Lyrics% Correct
I
100%
me
100%
me?"
100%
the
100%
you
100%
You
100%
"You
100%
a
96%
change
96%
changed
96%
didn't
96%
I'm
96%
my
96%
number
96%
on
96%
only
96%
so
96%
to
96%
who
96%
your
96%
You're
96%
at
92%
be
92%
believe
92%
don't
92%
Don't
92%
for
92%
in
92%
it
92%
mad
92%
Maybe
92%
mean
92%
obsessed
92%
of
92%
out
92%
reply
92%
said
92%
Said
92%
should
92%
take
92%
was
92%
And
88%
bad
88%
Before
88%
best
88%
But
88%
deserve
88%
easy
88%
eyes
88%
feel
88%
friend
88%
fucking
88%
get
88%
go
88%
got
88%
hurt
88%
leave
88%
lot
88%
nicer
88%
not
88%
sympathy
88%
text
88%
think
88%
too
88%
upset
88%
were
88%
work
88%
can
84%
Drew
84%
gotta
84%
have
84%
nerve
84%
news
84%
That
84%
when
84%
Would
84%
guessed
80%
left
80%
love
80%
Laura
76%
looks
76%
Should've
76%
decieving
60%

Score Distribution

Percentile by Number Answered

Percent of People with Each Score

Your Score History

You have not taken this quiz